Zamestnanosť - priorita sociálnej politiky (Koncepcia politiky zamestnanosti)
Príčiny nezamestnanosti v SR. Analýza vývoja na trhu práce. Politika trhu práce. Predikcia vývoja ponuky a dopytu na trhu práce do roku 2002. Ciele politiky zamestnanosti a nástroje na ich dosiahnutie. Miesto a úloha Národného plánu zamestnanosti v politike zamestnanosti na Slovensku.
Salvato in:
| Autore principale: | |
|---|---|
| Natura: | Capitolo di libro |
| Lingua: | slovacco |
| Soggetti: | |
| Tags: |
Nessun Tag, puoi essere il primo ad aggiungerne!!
|
MARC
| LEADER | 00000naa a2200000 4500 | ||
|---|---|---|---|
| 001 | r036840 | ||
| 005 | 20230807090552.3 | ||
| 041 | 0 | |a slo | |
| 044 | |a SK | ||
| 245 | 1 | 0 | |a Zamestnanosť - priorita sociálnej politiky |b (Koncepcia politiky zamestnanosti) |c Peter Rusiňák |
| 520 | |a Príčiny nezamestnanosti v SR. Analýza vývoja na trhu práce. Politika trhu práce. Predikcia vývoja ponuky a dopytu na trhu práce do roku 2002. Ciele politiky zamestnanosti a nástroje na ich dosiahnutie. Miesto a úloha Národného plánu zamestnanosti v politike zamestnanosti na Slovensku. | ||
| 610 | 2 | 0 | |a trh práce |
| 610 | 2 | 0 | |a politika sociálna |
| 610 | 2 | 0 | |a zamestnanosť |
| 610 | 2 | 0 | |a úroveň životná |
| 610 | 2 | 0 | |a rast hospodársky |
| 610 | 2 | 0 | |a politika zamestnanosti |
| 610 | 2 | 0 | |a Slovensko |
| 100 | 1 | |a Rusiňák, Peter | |